000 00718nam a2200265Ia 4500
005 20260302115017.0
008 008 260114s9999 xx 000 0 eng d
020 _a9781350480834
037 _aTextbook
040 _aCRL
040 _beng
040 _cCRL
041 _2eng
041 _aeng
084 _qCRL
100 _aImelda Whelehan
_91120431
245 4 _aThe Feminist Bestseller From Sex and the Single Girlto Sex and the City
260 _bBloomsbury
260 _bBloomsbury Academic
260 _c2017
650 _aLiterary Studies
856 _uhttps://doi.org/10.1007/978-0-230-21182-7?locatt=label:secondary_bloomsburyCollections
942 _cEBOOK
999 _c1684627
_d1684627